Nr. 1 Hits in den deutschen Single-Charts - Statistiken

Allgemein
  • Dieses Quiz wurde 72 mal gespielt
  • Das Durchschnittsergebnis liegt bei 4 aus 21
Answers on the Grid
Answers color-coded by a green-red scale on the quiz's grid according to % correct below.
Good 4 u (Olivia Rodrigo)
Sugar Sugar (The Archies)
Video Games (Lana Del Rey)
We Found Love (Rihanna feat. Calvin Harris)
Schrei nach Liebe (Die Ärzte)
Easy On Me (Adele)
Earth Song (Michael Jackson)
Neymar (Capital Bra feat. Ufo361)
Der letzte Song (Kummer feat. Fred Rabe)
Without Me (Eminem)
You Ain't Seen Nothin' Yet (Bachman-Turner Overdrive)
Allein Allein (Polarkreis 18)
Hot N Cold (Katy Perry)
Ms. Jackson (OutKast)
Poker Face (Lady Gaga)
Rock Me Amadeus (Falco)
Zombie (The Cranberries)
Renn! (Ayliva)
The Emptiness Maschine (Linkin Park)
Ella, elle l’a (France Gall)
Griechischer Wein (Udo Jürgens)
Photograph (Ed Sheeran)
Shake It Off (Taylor Swift)
Don't Start Now (Dua Lipa)
Einmal um die Welt (Cro)
You Broke Me First (Tate McRae)
Titanium (David Guetta feat. Sia)
The Best (Tina Turner)
Help! (The Beatles)
Josie (Peter Maffay)
 
Antwortstatistiken
Antwort % Korrekt
Poker Face (Lady Gaga)
37%
Rock Me Amadeus (Falco)
30%
Good 4 u (Olivia Rodrigo)
23%
Neymar (Capital Bra feat. Ufo361)
23%
Schrei nach Liebe (Die Ärzte)
23%
Zombie (The Cranberries)
23%
Hot N Cold (Katy Perry)
21%
Earth Song (Michael Jackson)
19%
Griechischer Wein (Udo Jürgens)
19%
Ms. Jackson (OutKast)
19%
The Emptiness Maschine (Linkin Park)
19%
Without Me (Eminem)
19%
Easy On Me (Adele)
16%
Allein Allein (Polarkreis 18)
14%
Video Games (Lana Del Rey)
14%
We Found Love (Rihanna feat. Calvin Harris)
14%
Der letzte Song (Kummer feat. Fred Rabe)
9%
Ella, elle l’a (France Gall)
9%
Sugar Sugar (The Archies)
9%
Renn! (Ayliva)
5%
You Ain't Seen Nothin' Yet (Bachman-Turner Overdrive)
2%
Keine übereinstimmenden Quizze gefunden
Verteilung der Resultate
Anzahl Personen mit jedem Resultat
Perzentil nach korrekt beantworteten Fragen
Ihre Resultats-Entwicklung
Sie haben dieses Quiz noch nicht gespielt